Neck dissections (Record no. 32140)

MARC details
000 -LEADER
fixed length control field 00633nam a2200169 a 4500
008 - FIXED-LENGTH DATA ELEMENTS--GENERAL INFORMATION
fixed length control field 160406s2009 ||||||||||||||||| || u
020 ## - INTERNATIONAL STANDARD BOOK NUMBER
International Standard Book Number 9788184485776
050 ## - LIBRARY OF CONGRESS CALL NUMBER
Classification number RD 531 Chi
100 ## - MAIN ENTRY--PERSONAL NAME
Personal name Chintamani, Raghuraj
245 10 - TITLE STATEMENT
Title Neck dissections
Statement of responsibility, etc. By Chintamani
260 ## - PUBLICATION, DISTRIBUTION, ETC.
Place of publication, distribution, etc. New Delhi:
Name of publisher, distributor, etc. Jaypee Brothers Medical publishers
Date of publication, distribution, etc. 2009
300 ## - PHYSICAL DESCRIPTION
Extent xiii, 232p.: ill.
350 ## -
-- 42.00
500 ## - GENERAL NOTE
General note accompanied by a CD-ROM
650 #0 - SUBJECT ADDED ENTRY--TOPICAL TERM
Topical term or geographic name entry element NECK--SURGERY
995 ## -
-- MEDICAL LIBRARY OPEN ACCESS
-- 903471
-- CBU-SCHOOL OF MEDICINE LIBRARY (Ndola)
-- 42.00
-- RD 531 Chi
-- 1
-- AVAILABLE
-- Apr 11, 2016
-- 903471
-- Medical Library Open Access Collection
999 ## -
-- 32140
-- 32140
Holdings
Withdrawn status Lost status Source of classification or shelving scheme Damaged status Not for loan Permanent Location Current Location Shelving location Date acquired Total Checkouts Full call number Barcode Date last seen Date last checked out Price effective from Koha item type
          CBU-SCHOOL OF MEDICINE LIBRARY, NDOLA. CBU-SCHOOL OF MEDICINE LIBRARY, NDOLA.   11/30/2022 2 RD 531 Chi 903471 12/17/2025 11/17/2025 11/30/2022 MONOGRAPH